000 00557nam a2200217Ia 4500
003 OSt
005 20230616100223.0
008 210423s2017 xx 000 0 und d
020 _a978938923890
040 _cAL
041 _aeng
082 _a363.738
_223
_bDEAE
100 _aDE (A K)
_993905
245 _aEnvironmental chemistry Ed 8
260 _aNew Delhi
_bNew Age International
_c2017
300 _axvii, 371
_bPB
365 _b350
_cINR
650 _aEnvironmental Problems
_993906
906 _achemistry ; Environmental
942 _2ddc
_cBK
999 _c170269
_d170269